Number to 100 quiz ( Impossible mode) - Statistics

General Stats
  • This quiz has been taken 56 times
  • The average score is 54 of 100
Answer Stats
Answer % Correct
1
100%
12
100%
2
100%
3
100%
4
100%
5
100%
6
100%
7
100%
8
100%
9
100%
13
97%
14
97%
15
97%
16
97%
17
97%
18
97%
19
97%
22
97%
24
97%
25
97%
26
97%
10
94%
21
94%
23
94%
11
91%
20
91%
27
91%
29
91%
31
91%
32
91%
28
88%
30
85%
34
85%
33
82%
35
82%
36
79%
38
79%
37
76%
39
73%
44
73%
43
70%
45
70%
41
67%
42
67%
47
64%
40
61%
46
61%
48
55%
49
55%
53
52%
55
52%
50
48%
51
48%
52
48%
54
48%
57
45%
56
39%
58
36%
59
36%
60
33%
63
30%
62
27%
66
27%
65
24%
61
21%
64
21%
85
21%
99
21%
68
18%
69
18%
78
18%
88
18%
89
18%
95
18%
100
15%
67
15%
75
15%
77
15%
81
15%
84
15%
87
15%
96
15%
97
15%
98
15%
70
12%
73
12%
74
12%
79
12%
82
12%
83
12%
86
12%
90
12%
91
12%
92
12%
93
12%
94
12%
71
9%
72
9%
76
9%
80
9%
No matching quizzes found
Score Distribution
Percent of People with Each Score
Percentile by Number Answered
Your Score History
You have not taken this quiz